000 01229nam a2200325Ia 4500
001 ebr10547195
003 CaPaEBR
006 m u
007 cr cn|||||||||
008 111028s2012 mau sb 001 0 eng d
010 _z 2011044169
020 _z9780983955801
020 _z9780983955818
040 _aCaPaEBR
_cCaPaEBR
035 _a(OCoLC)782918806
050 1 4 _aDS36.77
_b.N93 2012eb
082 0 4 _a909/.04927
_223
100 1 _aNydell, Margaret K.
_q(Margaret Kleffner)
245 1 0 _aUnderstanding Arabs
_h[electronic resource] :
_ba contemporary guide to Arab society /
_cMargaret K. Nydell.
250 _a5th ed.
260 _aBoston, MA :
_bNicholas Brealey Pub.,
_c2012.
300 _axxxix, 277 p.
504 _aIncludes bibliographical references and index.
533 _aElectronic reproduction.
_bPalo Alto, Calif. :
_cebrary,
_d2011.
_nAvailable via World Wide Web.
_nAccess may be limited to ebrary affiliated libraries.
650 0 _aArabs.
650 0 _aEthnology
_zArab countries.
655 7 _aElectronic books.
_2local
710 2 _aebrary, Inc.
856 4 0 _uhttp://site.ebrary.com/lib/rucke/Doc?id=10547195
_zAn electronic book accessible through the World Wide Web; click to view
999 _c136922
_d136922